000 01078nam a22003257a 4500
001 0007414
003 KOHA_MİRAKIL
005 20260207001557.0
007 ta
008 090924b1998 enk |||gr||||#||||1|eng |
020 _a0435240579
040 _aTR-BiSEU
_btur
_cTR-BiSEU
_erda
041 0 _aeng
044 _cenk
050 _aP53.75
_b.N88 1998
100 1 _aNuttall, Christine E.
_q(Christine Elizabeth).
245 1 _aTeaching reading skills in a foreign language /
_cChristine E. (Christine Elizabeth) Nuttall ; Christine Nuttall.
264 1 _aLondon :
_bHeinemann
_c1998
300 _aVI , 282 sayfa: resimli
336 _ametin
_btxt
_2rdacontent
337 _aaracısız
_bn
_2rdamedia
338 _acilt
_bnc
_2rdacarrier
490 0 _aPractical language teaching.
500 _aKaynakça ve dizin var.
650 0 _aLanguage and languages--Study and teaching.
_911395
650 0 _aReading.
_99730
650 0 _aEnglish language--Study and teaching--Foreign speakers.
_911598
830 0 _aPractical language teaching.
_918445
942 _2lcc
_cBK
999 _c7392
_d7392